000 00815nam a2200265 a 4500
001 46196
003 BD-RjUL
005 20211209054124.0
008 160801s1960 enk 001 0 eng d
035 _a(BD-RjUL)46314
040 _aOKD
_cOKD
_dBD-RjUL
_beng
041 _aeng
082 _a345.0942
_bHAH 1960
100 1 _aHarris, Seymour F.
_q(Seymour Frederick),
_d1851-1920.
_9141138
245 1 0 _aHarris's criminal law /
_cby H.A. Palmer and Henry Palmer.
250 _a20th ed.
260 _aLondon :
_bSweet and Maxwell,
_c1960.
300 _a706 p. ;
_c20 cm.
500 _aIncludes index
650 0 _aCriminal law
_zGreat Britain.
_9141116
650 0 _aCriminal procedure
_zGreat Britain.
_9141117
700 _a Palmer, Henry
_9141139
942 _2ddc
_cBK
999 _c46196
_d46196